Jeden rok literárnej vedy

Bibliographic Details
Main Author: Petrík, Vladimír, 1929-2017 (Author)
Format: Article
Language:Slovak
ISSN:1338-015X
Subjects:

MARC

LEADER 00000cab a2200000 a 4500
001 vtls012245275
003 SK-MaSNL
005 20260304181131.0
008 231204|1967 xo ||||||| || 0||slo|
015 |a SNBRB2023 
040 |a SNKBUCL  |b slo  |c SNKBUCL  |e AACR2 
041 0 |a slo 
044 |a xo  |c SK 
080 |a 821.162.4.09  |x Slovenská literatúra (o nej)  |2 konspekt 
080 |a 821.162.4  |2 2011 
080 |a (048.8)  |2 2011 
100 1 |a Petrík, Vladimír,  |d 1929-2017  |4 aut  |9 171168 
245 1 0 |a Jeden rok literárnej vedy  |c Vladimír Petrík 
500 |a Názov rovnaký ale iný článok z roku 1985 
650 0 7 |a slovenská literatúra  |2 SNKPH  |9 1115 
655 7 |a články z novín a časopisov  |2 snkbucl  |9 267496 
655 7 |a články z odboru literárna veda a krásna literatúra  |2 snkbucl  |9 770045 
655 7 |a štúdie  |2 SNKPH  |9 57033 
773 0 |t Kultúrny život  |g Roč. 22, č. 42 (1967), s. 1 a 6  |x 1338-015X 
958 |a RK 
958 |a LX 
958 |a SK 
958 |a PETRIKApš/1967 
999 |c 3022084  |d 3024014